LEADER 02054nam 2200517I 450 001 9910703953903321 005 20150909154740.0 035 $a(CKB)5470000002436202 035 $a(OCoLC)920572324 035 $a(EXLCZ)995470000002436202 100 $a20150909j199708 ua 0 101 0 $aeng 135 $aurbn||||||||| 181 $ctxt$2rdacontent 182 $cc$2rdamedia 183 $acr$2rdacarrier 200 10$aComparison of satellite global rainfall algorithms /$fAlfred T.C. Chang, Long S. Chiu 210 1$aGreenbelt, Maryland :$cNational Aeronautics and Space Administration, Goddard Space Flight Center,$dAugust 1997. 215 $a1 online resource (xiii, 96 pages) $cillustrations, maps 225 1 $aNASA technical memorandum ;$v104606.$aTechnical report series on global modeling and data assimilation ;$vvolume 12 300 $aTitle from title screen (viewed Sept. 9, 2015). 300 $a"August 1997." 300 $a"Performing organization: Hydrological Sciences Branch, Climate and Radiation Branch, Goddard Space Flight Center"--Technical report documentation page. 320 $aIncludes bibliographical references (pages 17-19). 606 $aEl Nino$2nasat 606 $aSouthern Oscillation$2nasat 606 $aRain$2nasat 606 $aRemote sensing$2nasat 606 $aStatistical analysis$2nasat 615 7$aEl Nino. 615 7$aSouthern Oscillation. 615 7$aRain. 615 7$aRemote sensing. 615 7$aStatistical analysis. 700 $aChang$b A. T. C$g(Alfred T. C.),$01385549 702 $aChiu$b Long S. 712 02$aGoddard Space Flight Center.$bHydrological Sciences Branch. 712 02$aGoddard Space Flight Center.$bClimate and Radiation Branch. 712 02$aGoddard Space Flight Center, 712 02$aUnited States.$bNational Aeronautics and Space Administration, 801 0$bGPO 801 1$bGPO 906 $aBOOK 912 $a9910703953903321 996 $aComparison of satellite global rainfall algorithms$93501711 997 $aUNINA LEADER 02232nam0 2200433 i 450 001 TO01398556 005 20251003044411.0 010 $a8814117365 020 $aIT$b2006-401 100 $a20130827d2005 ||||0itac50 ba 101 | $aita 102 $ait 181 1$6z01$ai $bxxxe 182 1$6z01$an 200 1 $aComunicazione pubblicitaria e informazione nel settore agro-alimentare$fAlessandra Di Lauro 210 $aMilano$cA. Giuffrè$d2005 215 $aIX, 406 p.$d24 cm. 225 | $aPubblicazioni dell'Istituto di diritto agrario internazionale e comparato, Firenze$i. Nuova serie$v49 410 0$1001CFI0076496$12001 $aPubblicazioni dell'Istituto di diritto agrario internazionale e comparato, Firenze$i. Nuova serie$v49$171202$aIDAIC$3CFIV048489 606 $aGeneri alimentari$xMarchi$xDiritto comparato$2FIR$3CFIC157530$9I 606 $aProdotti agricoli$xMarchi$xDiritto comparato$2FIR$3CFIC157529$9I 676 $a341.75471$9DIRITTO INTERNAZIONALE DELL'ECONOMIA. COMMERCIO. PRODOTTI DELL'AGRICOLTURA.$v21 676 $a343$9DIRITTO IN MATERIA DI FINANZA PUBBLICA, DIRITTO TRIBUTARIO, IN MATERIA DI COMMERCIO...$v12 696 $aLegislazione comparata$aProdotti alimentari$aAlimentari 696 $aLegislazione comparata$aDerrate 699 $aDiritto comparato$zLegislazione comparata 699 $aGeneri alimentari$yProdotti alimentari 699 $aGeneri alimentari$yAlimentari 699 $aDiritto comparato$zLegislazione comparata 699 $aProdotti agricoli$yDerrate 700 1$aDi Lauro$b, Alessandra$3MILV212302$4070$0240803 801 3$aIT$bIT-000000$c20130827 850 $aIT-BN0095 901 $bNAP 01$cD $n$ 912 $aTO01398556 950 0$aBiblioteca Centralizzata di Ateneo$c1 v.$d 01D (C) 21 489$e 01C 0800214895 VMA 1 v.$fY $h20130122$i20130122$c1 v. in due copie$d 01D (C) 21 490$e 01C 0800214905 VMA (bis 1 v. (2. copia)$fY $h20130122$i20130122 977 $a 01 996 $aComunicazione pubblicitaria e informazione nel settore agro-alimentare$968454 997 $aUNISANNIO